000 00295nam a22001337a 4500
008 171004b xxu||||| |||| 00| 0 eng d
020 _a0138782075
041 _aeng
080 _a159.9
100 _a48
101 _aPSI
245 _aA SURVEY OF ADULT APHASIA
_cDAVIS,,G.A
942 _2udc
_cBK
999 _c31756
_d31756